MDQL
is popping MORE tags! Check the
thread
!
Quizzes
Events
Quiz Creation
Community
Videos
Private Events
Remove Ads
Sign In
Join for FREE
Feedback
Dark Mode
Quiz Categories
Sports
Geography
Music
Movies
Television
Just For Fun
Miscellaneous
History
Literature
Language
Science
Gaming
Entertainment
Religion
Holiday
For Kids
Quiz Lab
Recent
Popular Today
Quiz Kudos Today
Editor Picks
Curator Picks
Quizzes by...
Day
Popularity
Type
Ratings
Length
Year
Community
Subscriptions
Recent Discussions
Orange Saloon
Badges
Playlists
Quests
Create
Leaderboards
Showdown
Live 5
Trivia Bingo
Activity
Puzzle Library
Sporcle Events
Private Events
Virtual Trivia
Globe League
Become a Host
Pub Owners
SporcleCon
Opinionation
Our Games
Videos
Blog
Mobile Apps
Partnerships
Remove Ads and Go Orange
Feedback
Entertainment
Celebrity
Famous
Musical
Broadway
Show
Quote
Comic Books
Anime
Superhero
DC Comics
Marvel
Cartoons
Animation
Entertainment
Celebrity
Famous
Musical
Broadway
Show
Quote
Comic Books
Anime
Superhero
DC Comics
Marvel
Cartoons
Animation
Random Quiz
Search Sporcle
×
Quiz Lab
Quiz Lab
Entertainment
Show
Type in answers that appear in a list
Type in answers that appear in a list
Classic
Best Score? Go Orange.
Guess the movie/tv show by their tagline Stats
Can you name the movie/tv show by their tagline?
By
LovexDrunk
10m
20 Questions
359 Plays
359 Plays
359 Plays
Comments
Comments
Give Quiz Kudos
Give Quiz Kudos
-
- Ratings
hide this ad
Replay
Link that replays current quiz
Next Quiz
Link to next quiz in quiz playlist
You Got
0%
They Got
Avg Score
32%
Avg Friend Score
Upgrade to see
Score Distribution
Jump to the score distribution portion of the page
Score
0/20
Timer
10:00
0
Plays Today
Tagline
Show/Movie
% Correct
Ugly is the new beautiful
Ugly Betty
84.1%
On Your Marks, Get Set, D'Oh
The Simpsons
78.8%
Two adults. One kid. No grown-
ups.
Two and a Half Men
68.8%
An Adventure Beyond the Ordinar-
E
Wall-E
57.9%
One big (staight,gay,multi-
cultural, traditional) happy family
Modern Family
52.4%
Be Groovy. Be Very Groovy
That '70s Show
51.5%
[title]: We Scare Because We Care
Monsters Inc.
44.8%
[title] is the word
Grease
41.2%
A love story in reverse
How I Met Your Mother
37%
Smart is The New Sexy
The Big Bang Theory
34%
Tagline
Show/Movie
% Correct
You can never have enough [title]!
Friends
27%
Who says you're only young once
17 Again
21.2%
Two cops. One is all talk. The other is all action.
Rush Hour
14.2%
A Killer Comedy
Scary Movie
12.8%
Comedy that Delivers!
The King of Queens
7.8%
Unpolished. Unkempt. Unleashed. Undercover
Miss Congeniality
7.5%
Expect the unexpected.
The Secret Life of the American Teenager
4.2%
Prepare for awesomeness
Kung Fu Panda
4.2%
They only met once, but it changed their lives forever
The Breakfast Club
3.9%
She's with child and pregnant too.
Accidently on Purpose
1.1%
Quiz Playlist
Details
Report
Send in Message
Add To Playlist
Classic:
Type in answers that appear in a list
Quiz Source
Last Updated: Feb 16, 2017
Quiz Scoreboard
CHALLENGE
Sign Up to Join the Scoreboard
Show All
Scores
Hide
Comments
May contain spoilers
Recently Published
Street Fighter Characters
by Artimus82
Gaming
60s
9x9 Crossword: Cartoon Network
by jackfrog10
Miscellaneous
3m
College Basketball Coaching Resumes
by pancakes188
Sports
9m
More to Explore
Quiz From the Vault
Featured Blog Post
Where Did the Easter Bunny Come From?
hide this ad
You Might Also Like...
Tags
Show Quiz
Taglines
Today's Top Quizzes in Entertainment
Browse Entertainment
hide this ad
Today's Top Quizzes in Show
Browse Show
Top Contributed Quizzes in Entertainment
1
7-to-1: DC Comics Villains
2
Marvel Characters Bunker
3
Eurovision 2023 Logic Puzzle
4
Dragon Ball Z: Goku's Fights in Order
5
Sorting Pictures: Villains
6
Criteria Quickie: Cartoon Taxonomy II
7
7-to-1: One Piece
8
Mini Trivia Sudoku: Musicals
9
Fictional Villains Letter U Blitz
10
Kamen Rider Motifs
Explore More
Trending Topics
NBA
Anime
Marvel
Crossword
Harry Potter
Disney
Kpop
Soccer
WWE
The Office
NFL
Pokémon
Puzzle
Song
Country
hide this ad
More By:
LovexDrunk
Quiz
Plays
Rating
Category
Featured
Created
The Crucible
1,076
2.50
Literature
Jan 7, 2010
TV Shows
381
3.00
Television
Jan 8, 2010
Guess the movie/tv show by their tagline
359
3.00
Entertainment
Jan 25, 2010
Billboard Hot 100
264
3.00
Music
Jan 9, 2010
Guess the song by a line in the song
232
2.67
Music
Aug 11, 2010
Go to Creator's Profile
Score Distribution
Quiz Creator Spotlight
LovexDrunk
Follow
Send a Message
Quizzes Created
-
Created Quiz Play Count
-
More By This Creator
Popular Quizzes Today
1
Find the US States - No Outlines Minefield
2
Find the Countries of Europe - No Outlines Minefield
3
The Countries of the World
4
Find the US States
5
Risky Map Clicking: Biggest States A-Z
6
US States
7
Popular People in 1961
8
Movies - When Are They Set?
More Entertainment Quizzes
Who's That with Kanye West?
Published
Trending Quizzes
Risky Map Clicking: Least Populous States A-Z
Countries of the World: 200 Million BC
1-10 Letter G Words
Risky Map Clicking: Next State Alphabetically
Adjectives in 80s TV Shows
Recently Updated
Leaping Animals
pecheneg
Reality TV Shows (A-Z)
bhenderson79
Rickey Henderson's Hall of Fame Teammates
pecheneg
Champions League XIs: Arsenal
pecheneg
Quick Pick: Celebrities in WWE's Hall of Fame
aduchscher
A-Z Keypad Blitz II
pecheneg
Multiple Oscar Actors
pecheneg
Mystery Phrase Blitz: Oscar 'Best Actors'
pecheneg
F. Scott Fitzgerald Novels
LTH
Pick 3 Villains
ddd62291
Trending Topics
Marvel
Harry Potter
Anime
Crossword
Kpop
NBA
Disney
Puzzle
WWE
NFL
Soccer
Song
Pokémon
The Office
Country
Your Account Isn't Verified!
In order to create a playlist on Sporcle, you need to verify the email address you used during registration. Go to your
Sporcle Settings
to finish the process.
Report this User
Report this user for behavior that violates our
Community Guidelines
.
Details:
Send Report
Go to the Sporcle.com Mobile Site →
Comments